000 00419ntaaa2200169 4500
003 01
005 20251027202436.0
008 0714s1973 ag 01
040 _aAR-BaBN
_bspa
_cAR-BaBN
_eaacr
_dRIC
082 _a266.0000 G61
100 _aGoodall, Norman
245 _aMissions under the cross
250 _a1 ed. :
_bInternational Missionary Council,
_cc1953
300 _a264 p.
650 _aMisiones
942 _cBK
999 _c19411
_d19411